[Event "HUN-chT2 Szechenyi 1718"]
[Site "Hungary"]
[Date "2018.01.28"]
[Round "5.10"]
[White "Kaufmann, Attila"]
[Black "Piri, Tamas"]
[Result "1-0"]
[WhiteElo "1958"]
[BlackElo "1613"]
[PlyCount "69"]
[EventDate "2017.10.29"]
[EventType "team-tourn"]
[EventRounds "9"]
[EventCountry "HUN"]
[SourceTitle "EXT 2021"]
[Source "ChessBase"]
[SourceDate "2020.10.23"]
[SourceVersion "1"]
[SourceVersionDate "2020.10.23"]
[SourceQuality "1"]
[WhiteTeam "Ajka Banyasz"]
[BlackTeam "Sarvar"]
[WhiteTeamCountry "HUN"]
[BlackTeamCountry "HUN"]

1. d4 d5 2. Nf3 Nf6 3. c4 dxc4 4. Nc3 e6 5. e3 c5 6. Bxc4 a6 7. a4 Nc6 8. 0-0 Be7 9. Qd3 0-0 10. Rd1 Qc7 11. Qe2 Rd8 12. h3 h6 13. b3 b6 14. Bb2 Bb7 15. Rd2 Na5 16. Rad1 Nxc4 17. bxc4 Bd6 18. d5 exd5 19. cxd5 Qe7 20. e4 Nd7 21. Re1 f6 22. Nh4 Qe5 23. g3 Qg5 24. Nf5 Bf4 25. h4 Bxd2 26. hxg5 Bxe1 27. Qxe1 hxg5 28. Qe2 g6 29. Nd6 Bc8 30. Nxc8 Rdxc8 31. Qg4 Ne5 32. Qe6+ Kg7 33. Qe7+ Nf7 34. e5 fxe5 35. Ne4 1-0

[Event "HUN-chT2 Szechenyi 1516"]
[Site "Hungary"]
[Date "2015.10.18"]
[Round "3.7"]
[White "Borhy, Marcell Boldizsar"]
[Black "Kaufmann, Attila"]
[Result "1/2-1/2"]
[WhiteElo "1943"]
[BlackElo "1986"]
[PlyCount "50"]
[EventDate "2015.09.13"]
[EventType "team-tourn"]
[EventRounds "11"]
[EventCountry "HUN"]
[SourceTitle "CBM 170 Extra"]
[Source "ChessBase"]
[SourceDate "2016.02.25"]
[SourceVersion "1"]
[SourceVersionDate "2016.02.25"]
[SourceQuality "1"]
[WhiteTeam "HVSE Infraplan"]
[BlackTeam "Ajka Banyasz"]
[WhiteTeamCountry "HUN"]
[BlackTeamCountry "HUN"]

1. d4 d5 2. c4 c6 3. cxd5 cxd5 4. Nc3 Nf6 5. Bf4 g6 6. e3 Bg7 7. Bd3 0-0 8. h3 Nc6 9. Nf3 Nb4 10. Bb1 Qa5 11. a3 Rd8 12. Qb3 Nc6 13. 0-0 Bd7 14. Bd3 a6 15. Qxb7 Rdb8 16. Bxb8 Rxb8 17. Qxa6 Qd8 18. Qa4 Ne5 19. Qc2 Nxf3+ 20. gxf3 Bxh3 21. Rfd1 e5 22. Bf1 Bf5 23. e4 Nh5 24. Bg2 Qg5 25. Ne2 Bh3 1/2-1/2

[Event "Budapest FS06 FM-A"]
[Site "Budapest"]
[Date "2015.06.10"]
[Round "5"]
[White "Kaufmann, Attila"]
[Black "Bensaid, Simon"]
[Result "0-1"]
[WhiteElo "1968"]
[BlackElo "1893"]
[PlyCount "78"]
[EventDate "2015.06.06"]
[EventType "tourn"]
[EventRounds "10"]
[EventCountry "HUN"]
[SourceTitle "CBM 166 Extra"]
[Source "ChessBase"]
[SourceDate "2015.06.18"]
[SourceVersion "1"]
[SourceVersionDate "2015.06.18"]
[SourceQuality "1"]

1. d4 d5 2. Nf3 Nf6 3. c4 c6 4. Nc3 e6 5. Bg5 dxc4 6. e4 b5 7. e5 h6 8. Bh4 g5 9. Nxg5 hxg5 10. Bxg5 Nbd7 11. exf6 Bb7 12. d5 cxd5 13. Nxb5 Qa5+ 14. Nc3 d4 15. Bd2 dxc3 16. Bxc3 Bb4 17. Qd4 Bxc3+ 18. bxc3 Qe5+ 19. Qxe5 Nxe5 20. h4 Rg8 21. h5 Bxg2 22. Bxg2 Rxg2 23. h6 0-0-0 24. h7 Rh8 25. Kf1 Rg6 26. Rh5 Nd7 27. Rh4 Nxf6 28. Rxc4+ Kd7 29. Rb1 Rxh7 30. Rb7+ Kd6 31. Rxa7 Nd5 32. a4 Rf6 33. Rd4 Ke5 34. Ra5 Rh2 35. f4+ Rxf4+ 36. Rxf4 Kxf4 37. c4 Kf3 38. Kg1 Rg2+ 39. Kh1 Nc3 0-1

[Event "HUN-chT2 Szechenyi 1415"]
[Site "Hungary"]
[Date "2014.11.30"]
[Round "5.8"]
[White "Kaufmann, Attila"]
[Black "Ugroczky, Peter"]
[Result "1/2-1/2"]
[WhiteElo "1947"]
[BlackElo "2010"]
[PlyCount "45"]
[EventDate "2014.09.07"]
[EventType "team-tourn"]
[EventRounds "11"]
[EventCountry "HUN"]
[SourceTitle "EXT 2016"]
[Source "ChessBase"]
[SourceDate "2015.10.08"]
[SourceVersion "1"]
[SourceVersionDate "2015.10.08"]
[SourceQuality "1"]
[WhiteTeam "Ajka Banyasz"]
[BlackTeam "HVSE Infraplan"]
[WhiteTeamCountry "HUN"]
[BlackTeamCountry "HUN"]

1. d4 d5 2. Nf3 Nf6 3. c4 e6 4. Nc3 Be7 5. e3 c6 6. Bd3 dxc4 7. Bxc4 b5 8. Bd3 Bb7 9. 0-0 a6 10. e4 Nbd7 11. e5 Nd5 12. Ne4 h6 13. Bd2 c5 14. dxc5 Nxc5 15. Nxc5 Bxc5 16. Rc1 Rc8 17. a3 0-0 18. Qe2 Ne7 19. Rfd1 Qe8 20. Be4 Bxe4 21. Qxe4 Nd5 22. Qh4 Qe7 23. Bg5 1/2-1/2

[Event "Budapest FS12 FM-A"]
[Site "Budapest"]
[Date "2013.12.15"]
[Round "8"]
[White "Gal, Hanna Krisztina"]
[Black "Kaufmann, Attila"]
[Result "1-0"]
[WhiteElo "2074"]
[BlackElo "1970"]
[PlyCount "65"]
[EventDate "2013.12.07"]
[EventType "tourn"]
[EventRounds "9"]
[EventCountry "HUN"]
[SourceTitle "CBM 158 Extra"]
[Source "ChessBase"]
[SourceDate "2014.02.28"]
[SourceVersion "1"]
[SourceVersionDate "2014.02.28"]
[SourceQuality "1"]

1. e4 c6 2. d4 d5 3. Nd2 dxe4 4. Nxe4 Bf5 5. Ng3 Bg6 6. h4 h6 7. Nf3 Nd7 8. h5 Bh7 9. Bd3 Bxd3 10. Qxd3 Ngf6 11. Bf4 Qa5+ 12. Bd2 Qc7 13. 0-0-0 e6 14. Ne4 Nxe4 15. Qxe4 Nf6 16. Qe2 0-0-0 17. g3 Bd6 18. c4 c5 19. Bc3 Kb8 20. Kb1 Ka8 21. Ne5 Rhe8 22. f4 Re7 23. dxc5 Qxc5 24. Rd2 Qc8 25. Rhd1 Bc7 26. Bb4 Rde8 27. Bxe7 Rxe7 28. g4 a6 29. g5 hxg5 30. fxg5 Ng8 31. Rd7 Rxd7 32. Nxd7 Bd8 33. Qf2 1-0

[Event "Budapest FS12 FM-A"]
[Site "Budapest"]
[Date "2013.12.09"]
[Round "3"]
[White "Lukacs, Albert"]
[Black "Kaufmann, Attila"]
[Result "1/2-1/2"]
[WhiteElo "1938"]
[BlackElo "1970"]
[PlyCount "29"]
[EventDate "2013.12.07"]
[EventType "tourn"]
[EventRounds "9"]
[EventCountry "HUN"]
[SourceTitle "CBM 158 Extra"]
[Source "ChessBase"]
[SourceDate "2014.02.28"]
[SourceVersion "1"]
[SourceVersionDate "2014.02.28"]
[SourceQuality "1"]

1. e4 c6 2. d4 d5 3. exd5 cxd5 4. Nf3 Nf6 5. Bd3 Nc6 6. 0-0 Bg4 7. c3 e6 8. Bf4 Bd6 9. Bxd6 Qxd6 10. Nbd2 0-0 11. Qc2 Rac8 12. a3 Bh5 13. Rfe1 Bg6 14. Bxg6 hxg6 15. Qd3 1/2-1/2

[Event "HUN-chT2 Szechenyi 1314"]
[Site "Hungary"]
[Date "2013.11.17"]
[Round "5.8"]
[White "Nemeth, Zsolt"]
[Black "Kaufmann, Attila"]
[Result "1/2-1/2"]
[WhiteElo "1979"]
[BlackElo "1973"]
[PlyCount "84"]
[EventDate "2013.09.08"]
[EventType "team-tourn"]
[EventRounds "11"]
[EventCountry "HUN"]
[SourceTitle "EXT 2016"]
[Source "ChessBase"]
[SourceDate "2015.10.08"]
[SourceVersion "1"]
[SourceVersionDate "2015.10.08"]
[SourceQuality "1"]
[WhiteTeam "Keszthely Spartacus"]
[BlackTeam "Ajka Banyasz"]
[WhiteTeamCountry "HUN"]
[BlackTeamCountry "HUN"]

1. e4 c6 2. d4 d5 3. e5 Bf5 4. Nf3 e6 5. Be2 Ne7 6. Nh4 Nd7 7. 0-0 Bg6 8. Nd2 c5 9. c3 Nc6 10. Nxg6 hxg6 11. Nf3 Be7 12. h3 Qb6 13. Rb1 Rc8 14. Be3 cxd4 15. Nxd4 Nxd4 16. Bxd4 Bc5 17. Qd2 f6 18. Bxc5 Qxc5 19. exf6 gxf6 20. Rfe1 Kf7 21. Bg4 Ne5 22. Bd1 Rh4 23. Kh2 Rch8 24. Qe3 Qd6 25. Qg3 g5 26. Kg1 Rf4 27. Bc2 Rc8 28. Rbd1 b5 29. Qe3 Rc7 30. Bd3 a6 31. Be2 Rh4 32. Bf1 Rh8 33. f4 gxf4 34. Qxf4 Qc5+ 35. Kh2 Ng6 36. Qg3 e5 37. Qf3 Rd7 38. Bd3 e4 39. Bxe4 Qc7+ 40. Qg3 dxe4 41. Rxd7+ Qxd7 42. Rxe4 Ne5 1/2-1/2

[Event "HUN-chT2 Szechenyi 1213"]
[Site "Hungary"]
[Date "2013.04.21"]
[Round "11.4"]
[White "Kishazi, Istvan"]
[Black "Kaufmann, Attila"]
[Result "1/2-1/2"]
[WhiteElo "2026"]
[BlackElo "1941"]
[PlyCount "33"]
[EventDate "2012.09.16"]
[EventType "team-tourn"]
[EventRounds "11"]
[EventCountry "HUN"]
[SourceTitle "EXT 2014"]
[Source "ChessBase"]
[SourceDate "2013.11.20"]
[SourceVersion "1"]
[SourceVersionDate "2013.11.20"]
[SourceQuality "1"]
[WhiteTeam "Peti MTE"]
[BlackTeam "Ajka Banyasz"]
[WhiteTeamCountry "HUN"]
[BlackTeamCountry "HUN"]

1. d4 d5 2. Bf4 c6 3. e3 Nf6 4. Nd2 Bf5 5. Ngf3 Nbd7 6. c4 e6 7. a3 Be7 8. h3 0-0 9. Be2 Ne4 10. Nxe4 Bxe4 11. 0-0 dxc4 12. Bxc4 Nb6 13. Ba2 Nd5 14. Bg3 Bd6 15. Bxd6 Qxd6 16. Rc1 Rfc8 17. Ng5 1/2-1/2

[Event "HUN-chT2 Szechenyi 1213"]
[Site "Hungary"]
[Date "2012.11.04"]
[Round "3.3"]
[White "Kaufmann, Attila"]
[Black "Gutmann, Alois"]
[Result "1/2-1/2"]
[WhiteElo "1941"]
[BlackElo "2041"]
[PlyCount "21"]
[EventDate "2012.09.16"]
[EventType "team-tourn"]
[EventRounds "11"]
[EventCountry "HUN"]
[SourceTitle "EXT 2014"]
[Source "ChessBase"]
[SourceDate "2013.11.20"]
[SourceVersion "1"]
[SourceVersionDate "2013.11.20"]
[SourceQuality "1"]
[WhiteTeam "Ajka Banyasz"]
[BlackTeam "Haladas III"]
[WhiteTeamCountry "HUN"]
[BlackTeamCountry "HUN"]

1. d4 e6 2. c4 b6 3. Nc3 Bb4 4. e4 Bb7 5. Bd3 f5 6. Qe2 Nf6 7. f3 fxe4 8. fxe4 Bxc3+ 9. bxc3 Nxe4 10. Nf3 Nf6 11. Ba3 1/2-1/2

[Event "Budapest FS10 FM-A2"]
[Site "Budapest"]
[Date "2012.10.15"]
[Round "9"]
[White "Kaufmann, Attila"]
[Black "Laza, Szabolcs"]
[Result "1/2-1/2"]
[WhiteElo "1941"]
[BlackElo "2005"]
[PlyCount "45"]
[EventDate "2012.10.06"]
[EventType "tourn"]
[EventRounds "9"]
[EventCountry "HUN"]
[SourceTitle "EXT 2013"]
[Source "ChessBase"]
[SourceDate "2012.11.22"]
[SourceVersion "1"]
[SourceVersionDate "2012.11.22"]
[SourceQuality "1"]

1. d4 d5 2. c4 c6 3. Nf3 Nf6 4. Nc3 e6 5. cxd5 exd5 6. Bg5 Be7 7. e3 0-0 8. Bd3 Nbd7 9. 0-0 Ne4 10. Bxe7 Qxe7 11. Qc2 f5 12. Rae1 Ndf6 13. Ne5 Nd7 14. Nxd7 Bxd7 15. f3 Nd6 16. Rf2 Qf6 17. Qa4 Qf7 18. Qb4 Qf6 19. Qa4 Qf7 20. Qb4 Qf6 21. Rd2 Rae8 22. Qa4 Re7 23. Qxa7 1/2-1/2

[Event "HUN-chT2 Szechenyi 1112"]
[Site "Hungary"]
[Date "2011.11.13"]
[Round "3.8"]
[White "Kaufmann, Attila"]
[Black "Horvath, Imre2222"]
[Result "0-1"]
[WhiteElo "1912"]
[BlackElo "1923"]
[PlyCount "60"]
[EventDate "2011.09.25"]
[EventType "team-tourn"]
[EventRounds "11"]
[EventCountry "HUN"]
[SourceTitle "EXT 2013"]
[Source "ChessBase"]
[SourceDate "2012.11.22"]
[SourceVersion "1"]
[SourceVersionDate "2012.11.22"]
[SourceQuality "1"]
[WhiteTeam "Ajka Banyasz"]
[BlackTeam "Alsoszolnok"]
[WhiteTeamCountry "HUN"]
[BlackTeamCountry "HUN"]

1. d4 d5 2. c4 e6 3. Nf3 Nf6 4. Nc3 a6 5. e3 g6 6. Bd3 Bg7 7. 0-0 0-0 8. b3 Re8 9. Bb2 Nbd7 10. Ne5 Nxe5 11. dxe5 Nd7 12. f4 c6 13. Qf3 b5 14. Rfd1 Bb7 15. Qf2 Bf8 16. Rab1 Qb6 17. Ne2 Rad8 18. cxd5 exd5 19. Nd4 c5 20. Nf3 Qc7 21. f5 c4 22. Rbc1 Qc6 23. Nd4 Qb6 24. e6 Ne5 25. fxg6 fxg6 26. Nc6 Qxc6 27. Bxe5 Qxe6 28. Bd4 cxd3 29. Rxd3 Rc8 30. Rcd1 Bc5 0-1